000 01120nam a22003618i 4500
999 _c2581
_d2581
001 022750249
003 UkOxU
005 20230721102214.0
008 201112s2020 enk 000|0|eng|d
020 _a9781382005531 (pbk.) :
035 _a(Uk)020012585
035 _a(StEdALDL)1/3987551
040 _aStDuBDS
_beng
_erda
_cStDuBDS
_dKH8
049 _aCROBAR
082 0 4 _a530 FOR
100 1 _aForbes, Darren,
_eauthor.
245 1 0 _aExam success in Cambridge International AS & A level physics /
_cDarren Forbes, Hossam Ibrahim Attya, Camille Pervenche, Jaykishan Sharma.
250 _aSecond edition.
263 _a202012
264 1 _aOxford :
_bOxford University Press,
_c2020.
300 _a1 volume ;
_c30 cm
336 _atext
_2rdacontent
337 _aunmediated
_2rdamedia
338 _avolume
_2rdacarrier
500 _aIncludes ebook access.
521 2 _aAS.
521 2 _aA-level.
650 0 _aPhysics
_xExaminations
_vStudy guides.
700 1 _aAttya, Hossam Ibrahim,
_eauthor.
700 1 _aPervenche, Camille,
_eauthor.
700 1 _aSharma, Jaykishan,
_eauthor.
942 _2ddc
_cTR